| 000 | 00981nam a2200301 i 4500 | ||
|---|---|---|---|
| 001 | 12889 | ||
| 003 | ES-MaACL | ||
| 005 | 20230906150430.0 | ||
| 007 | t| | ||
| 008 | 960916s1996 sp ||||0| spa j | ||
| 020 | _a84-7628-180-3 | ||
| 040 |
_aM-BN _bspa _cM-BN |
||
| 080 | _a7.032(100) | ||
| 100 | 1 |
_aRomer, John. _999290 |
|
| 245 | 1 | 6 |
_aLa[s] siete maravillas del mundo _b: historia, leyendas e investigación arqueológica / _cJohn y Elizabeth Romer. |
| 250 | _a1ª ed. | ||
| 260 |
_aBarcelona : _bEdiciones del Serbal, _c1996. |
||
| 300 |
_a248 p. : _bil. col. y n. ; _c25 cm. |
||
| 490 | 1 |
_aLibros del buen andar ; _v41 |
|
| 500 | _aTít. del lomo: Las 7 maravillas del mundo. | ||
| 650 | 1 | 4 |
_aSiete maravillas del mundo. _917091 |
| 700 | 1 |
_aRomer, Elizabeth. _999289 |
|
| 740 | 4 | _aLas 7 maravillas del mundo. | |
| 830 | 0 |
_aLibros del buen andar ; _v41 _9177977 |
|
| 852 |
_aES-MaACL _jL-20234 _bR.125658 |
||
| 999 |
_c12889 _d12889 |
||